Giáo trình máy xây dựng

Sách trình bày những vấn đề cốt lõi về phần lý thuyết và các ví dụ tính toán cơ bản đối với các loại máy xây dựng đang được sử dụng phổ biến ngoài thực tế, nhằm tạo điều kiện thuận lợi cho sinh viên các ngành Công trình và Kinh tê...

Cijeli opis

Spremljeno u:
Bibliografski detalji
Glavni autor: Lưu, Bá Thuận
Format: Knjiga
Jezik:Undetermined
Izdano: Hà Nội Xây dựng 2011
Teme:
Oznake: Dodaj oznaku
Bez oznaka, Budi prvi tko označuje ovaj zapis!
Thư viện lưu trữ: Trung tâm Học liệu Trường Đại học Cần Thơ
LEADER 01130nam a2200205Ia 4500
001 CTU_168471
008 210402s9999 xx 000 0 und d
020 |c 77000 
082 |a 621.811 
082 |b Th502 
100 |a Lưu, Bá Thuận 
245 0 |a Giáo trình máy xây dựng 
245 0 |c Lưu Bá Thuận 
260 |a Hà Nội 
260 |b Xây dựng 
260 |c 2011 
520 |a Sách trình bày những vấn đề cốt lõi về phần lý thuyết và các ví dụ tính toán cơ bản đối với các loại máy xây dựng đang được sử dụng phổ biến ngoài thực tế, nhằm tạo điều kiện thuận lợi cho sinh viên các ngành Công trình và Kinh tế xây dựng dễ dàng học tập và nắm được những nội dung cơ bản của môn học này. 
650 |a Construction equipment,Building materials,Thiết bị xây dựng,Thiết bị xây dựng 
904 |i Bạch Trúc 
980 |a Trung tâm Học liệu Trường Đại học Cần Thơ